Fun and games

Bibliographic Details
Main Author: Murray, W
Other Authors: Wingfield, J.H (illustrated)
Format: Book
Published: Loughborough : Ladybird Books Ltd , 19--
Series:Key words with Peter and Jane
Subjects:

MARC

LEADER 00000cam a2200000 7i4500
001 0000007314
005 20140709.0
020 |a 0721405436 
020 |a 9781409301271 
090 0 0 |a JF   |b MUR 
100 1 |a Murray, W 
245 1 0 |a Fun and games   |c W. Murray ; illustrated by J.H. Wingfield 
260 |a Loughborough :   |b Ladybird Books Ltd ,   |c 19-- 
300 |a 51p. :   |b ill. ;   |c 18cm. 
490 0 |a Key words with Peter and Jane 
500 |a Play & Learn Library 
650 0 0 |a Children's stories 
700 1 |a Wingfield, J.H. ,   |e illustrated 
999 |a 00237808   |b BUKU   |c PINJAMAN   |e PERPUSTAKAAN KOMUNITI PETALING JAYA 
999 |a 00237809   |b BUKU   |c PINJAMAN   |e PERPUSTAKAAN KOMUNITI PETALING JAYA 
999 |a 00237810   |b BUKU   |c PINJAMAN   |e PERPUSTAKAAN KOMUNITI CAW KOTA DAMANSARA 
999 |a 00237811   |b BUKU   |c PINJAMAN   |e PERPUSTAKAAN KOMUNITI PETALING JAYA 
999 |a 00267747   |b BUKU   |c PINJAMAN   |e PERPUSTAKAAN KOMUNITI CAW KOTA DAMANSARA 
999 |a 00272669   |b BUKU   |c PINJAMAN   |e PERPUSTAKAAN KOMUNITI CAW TAMAN MEDAN 
999 |a 00298473   |b BUKU   |c PINJAMAN   |e PERPUSTAKAAN KOMUNITI PETALING JAYA 
999 |a 00298474   |b BUKU   |c JUNIOR REFERENCE   |e PERPUSTAKAAN KOMUNITI PETALING JAYA 
999 |a 00309735   |b BUKU   |c PINJAMAN   |e PERPUSTAKAAN KOMUNITI CAW KOTA DAMANSARA 
999 |a 00317730   |b BUKU   |c PINJAMAN   |e PERPUSTAKAAN KOMUNITI PETALING JAYA 
999 |a 00332212   |b BUKU   |c PINJAMAN   |e PERPUSTAKAAN KOMUNITI CAW BANDAR UTAMA 
999 |a 00332213   |b BUKU   |c PINJAMAN   |e PERPUSTAKAAN KOMUNITI CAW BANDAR UTAMA 
999 |a 00332214   |b BUKU   |c PINJAMAN   |e PERPUSTAKAAN KOMUNITI CAW BANDAR UTAMA 
999 |a 052588   |b BUKU   |c PINJAMAN   |e MOBILE LIBRARY PKPJ 
999 |a 052589   |b BUKU   |c PINJAMAN   |e PERPUSTAKAAN KOMUNITI PETALING JAYA 
999 |a 052590   |b BUKU   |c PINJAMAN   |e MOBILE LIBRARY PKPJ 
999 |a 054911   |b BUKU   |c PINJAMAN   |e PERPUSTAKAAN KOMUNITI PETALING JAYA 
999 |a 054912   |b BUKU   |c PINJAMAN   |e PERPUSTAKAAN KOMUNITI CAW KOTA DAMANSARA 
999 |a 117967   |b BUKU   |c PINJAMAN   |e MOBILE LIBRARY PKPJ 
999 |a 117968   |b BUKU   |c PINJAMAN   |e MOBILE LIBRARY PKPJ 
999 |a 117969   |b BUKU   |c PINJAMAN   |e PERPUSTAKAAN KOMUNITI PETALING JAYA 
999 |a 117970   |b BUKU   |c PINJAMAN   |e PERPUSTAKAAN KOMUNITI PETALING JAYA 
999 |a 117971   |b BUKU   |c PINJAMAN   |e MOBILE LIBRARY PKPJ